000 00528nmm a2200169Ia 4500
008 251105s9999||||xx |||||||||||||||||und||
020 _a9789587165029
041 _aspa
100 _aMeza Rueda, José Luis (ed.)
245 0 _aLa muerte : siete visiones, una realidad
264 _a[Bogotá, Colombia] :
_bEditorial Pontificia Universidad Javeriana,
_c2011
300 _a216 páginas
490 _aCiencias Sociales
650 _aCultural Studies
856 _uhttps://public.digitaliapublishing.com/a/38532
942 _cCF
999 _c95533
_d95533